Conditional measures and applications

Αποθηκεύτηκε σε:
Λεπτομέρειες βιβλιογραφικής εγγραφής
Κύριος συγγραφέας: Rao, M. M. (Malempati Madhusudana) 1929-
Μορφή: Βιβλίο
Γλώσσα:English
Δημοσίευση: New York : M. Dekker, c1993
Σειρά:Monographs and textbooks in pure and applied mathematics ; ; 177
Θέματα:
Ετικέτες: Προσθήκη ετικέτας
Δεν υπάρχουν, Καταχωρήστε ετικέτα πρώτοι!

MARC

LEADER 00000cam a2200000 i 4500
001 1/53692
008 941103s1993 eng d
020 |a 0824788842 
035 |l 10044777 
040 |a GR-MY-UA  |b gre  |e aacr 
041 0 |a eng 
082 0 |a 519.2  |2 (20) 
100 1 |a Rao, M. M.  |q (Malempati Madhusudana)  |d 1929- 
245 1 0 |a Conditional measures and applications /  |c M.M. Rao 
260 |a New York :   |b M. Dekker,   |c c1993 
300 |a xiv, 417 p.;  |c 24 cm 
490 1 |a Monographs and textbooks in pure and applied mathematics  |v ; 177 
504 |a Includes bibliographical references (p. 398-410) and index 
650 0 0 |a Probability measures. 
830 0 |a Monographs and textbooks in pure and applied mathematics ;  |v ; 177 
852 |a INST  |b SAMOS  |e 19941103  |h 519.2 RAO  |p 005300007633  |q 005300007633  |t BK  |y 0 
909 |a Σ  |b 030252